English vocabulary in use : (Record no. 16526)
[ view plain ]
| 000 -LEADER | |
|---|---|
| fixed length control field | 01768cam a2200397 a 4500 |
| 001 - CONTROL NUMBER | |
| control field | 16455627 |
| 003 - CONTROL NUMBER IDENTIFIER | |
| control field | EG-ScBUE |
| 005 - DATE AND TIME OF LATEST TRANSACTION | |
| control field | 20220703092236.0 |
| 006 - FIXED-LENGTH DATA ELEMENTS--ADDITIONAL MATERIAL CHARACTERISTICS--GENERAL INFORMATION | |
| fixed length control field | m||||fq||h ||||||| |
| 008 - FIXED-LENGTH DATA ELEMENTS--GENERAL INFORMATION | |
| fixed length control field | 100913s2010 enka f 001 0 eng d |
| 020 ## - INTERNATIONAL STANDARD BOOK NUMBER | |
| International Standard Book Number | 9780521136204 |
| 040 ## - CATALOGING SOURCE | |
| Original cataloging agency | DLC |
| Language of cataloging | eng |
| Description conventions | rda |
| Transcribing agency | DLC |
| Modifying agency | EG-ScBUE |
| 082 04 - DEWEY DECIMAL CLASSIFICATION NUMBER | |
| Classification number | 428.24 |
| Item number | MCC |
| Edition number | 22 |
| 100 1# - MAIN ENTRY--PERSONAL NAME | |
| Personal name | McCarthy, Michael, |
| Dates associated with a name | 1947- |
| Relator term | author. |
| 9 (RLIN) | 29138 |
| 245 10 - TITLE STATEMENT | |
| Title | English vocabulary in use : |
| Remainder of title | elementary : with answers and CD-Rom / |
| Statement of responsibility, etc | Michael McCarthy, Felicity O'Dell. |
| 246 34 - VARYING FORM OF TITLE | |
| Title proper/short title | English vocabulary in use : |
| Remainder of title | elementary : with answers and CD-Rom : 60 units of vocabulary reference and practice : self-study and classroom use |
| 250 ## - EDITION STATEMENT | |
| Edition statement | Second edition. |
| 264 #1 - PUBLICATION, DISTRIBUTION, ETC. (IMPRINT) | |
| Place of publication, distribution, etc | Cambridge : |
| Name of publisher, distributor, etc | Cambridge University press, |
| Date of publication, distribution, etc | 2010. |
| 300 ## - PHYSICAL DESCRIPTION | |
| Extent | 174 pages : |
| Other physical details | illustrations ; |
| Dimensions | 27 cm + |
| Accompanying material | 1 CD |
| 336 ## - CONTENT TYPE | |
| Source | rdacontent |
| Content type term | text |
| Content type code | txt |
| 336 ## - CONTENT TYPE | |
| Source | rdacontent |
| Content type term | sounds |
| Content type code | snd |
| 337 ## - MEDIA TYPE | |
| Source | rdamedia |
| Media type term | unmediated |
| Media type code | n |
| 337 ## - MEDIA TYPE | |
| Source | rdamedia |
| Media type term | audio |
| Media type code | s |
| 338 ## - CARRIER TYPE | |
| Source | rdacarrier |
| Carrier type term | volume |
| Carrier type code | nc |
| 338 ## - CARRIER TYPE | |
| Source | rdacarrier |
| Carrier type term | computer disc |
| Carrier type code | cd |
| 500 ## - GENERAL NOTE | |
| General note | Includes index. |
| 520 ## - SUMMARY, ETC. | |
| Summary, etc | Test Your English Vocabulary in Use Elementary 2nd edition can be used on its own or with the companion volume English Vocabulary in Use Elementary 2nd edition. It is a handy book of tests covering the vocabulary practised in English Vocabulary in Use Elementary 2nd edition |
| 590 ## - LOCAL NOTE (RLIN) | |
| Local note | HAGER |
| 650 #7 - SUBJECT ADDED ENTRY--TOPICAL TERM | |
| Topical term or geographic name as entry element | English language |
| Form subdivision | Textbooks for foreign speakers. |
| Source of heading or term | BUEsh |
| 9 (RLIN) | 29139 |
| 650 #7 - SUBJECT ADDED ENTRY--TOPICAL TERM | |
| Topical term or geographic name as entry element | Vocabulary |
| Form subdivision | Problems, exercises, etc. |
| Source of heading or term | BUEsh |
| 9 (RLIN) | 29140 |
| 653 ## - INDEX TERM--UNCONTROLLED | |
| Resource For college | Humanities: English |
| Arrived date list | July2019 |
| 655 ## - INDEX TERM--GENRE/FORM | |
| Form subdivision | Reading book |
| 9 (RLIN) | 34232 |
| 700 1# - ADDED ENTRY--PERSONAL NAME | |
| Personal name | O'Dell, Felicity, |
| Dates associated with a name | 1947- |
| Relator term | author. |
| 9 (RLIN) | 29141 |
| 942 ## - ADDED ENTRY ELEMENTS (KOHA) | |
| Source of classification or shelving scheme | Dewey Decimal Classification |
| Koha item type | Book - Borrowing |
| Withdrawn status | Lost status | Source of classification or shelving scheme | Damaged status | Not for loan | Collection code | Home library | Current library | Shelving location | Date acquired | Source of acquisition | Serial Enumeration / chronology | Total Checkouts | Total Renewals | Full call number | Barcode | Date last seen | Date checked out | Price effective from | Koha item type |
|---|---|---|---|---|---|---|---|---|---|---|---|---|---|---|---|---|---|---|---|
| Dewey Decimal Classification | دار نهضة مصر | Central Library | Central Library | Second Floor | 28/02/2012 | 187 | 6 | 26 | 428.24 MCC | 000026235 | 15/07/2025 | 30/05/2016 | 28/02/2012 | Book - Borrowing | |||||
| Dewey Decimal Classification | دار نهضة مصر | Central Library | Central Library | Second Floor | 28/02/2012 | 187 | 2 | 428.24 MCC | 000026236 | 24/08/2022 | 07/09/2014 | 28/02/2012 | CD | DVD - With book |